Batman forever /
Batman and Robin, the caped crusaders, battle Two Face and the Ridddler.
| Uniform Title: | Batman forever (Motion picture). |
|---|---|
| Corporate Authors: | , |
| Other Authors: | , , , , , , , , , , , , |
| Format: | Video DVD |
| Language: | English French |
| Language Notes: | Closed-captioned. Soundtracks in English and French, with optional subtitles in English, French, and Spanish. |
| Published: |
Burbank, Calif. :
Warner Home Video,
[1997]
|
| Subjects: |
MARC
| Tag | First Indicator | Second Indicator | Subfields |
|---|---|---|---|
| LEADER | 00000cgm a2200000la 4500 | ||
| 001 | in00001530021 | ||
| 005 | 20201128064832.0 | ||
| 007 | vd cvaizq | ||
| 008 | 000411s1997 cau122 e vleng d | ||
| 020 | |a 0790731002 | ||
| 028 | 4 | 3 | |a 15100 |b Warner Home Video |
| 035 | |a (OCoLC)38148839 | ||
| 040 | |a MCP |c MCP |d TXA |d UtOrBLW | ||
| 041 | 1 | |a eng |a fre |j spa |h eng | |
| 049 | |a TXAM | ||
| 090 | |a PN1995.9.B34 |b B4414 1997 | ||
| 092 | |a DVD |b Video | ||
| 130 | 0 | |a Batman forever (Motion picture). |l French & English. | |
| 245 | 1 | 0 | |a Batman forever / |c Warner Bros. presents a Tim Burton production ; a Joel Schumacher film ; screenplay by Lee Batchler & Janet Scott Batchler and Akiva Goldsman ; produced by Tim Burton and Peter Macgregor-Scott ; directed by Joel Schumacher. |
| 264 | 1 | |a Burbank, Calif. : |b Warner Home Video, |c [1997] | |
| 264 | 4 | |c ©1997 | |
| 300 | |a 1 videodisc (122 min.) : |b sound, color ; |c 4 3/4 in. | ||
| 336 | |a two-dimensional moving image |b tdi |2 rdacontent | ||
| 337 | |a video |b v |2 rdamedia | ||
| 338 | |a videodisc |b vd |2 rdacarrier | ||
| 538 | |a DVD; Dolby digital. | ||
| 546 | |a Closed-captioned. Soundtracks in English and French, with optional subtitles in English, French, and Spanish. | ||
| 511 | 1 | |a Val Kilmer, Tommy Lee Jones, Jim Carrey, Nicole Kidman, Chris O'Donnell, Michael Gough, Pat Hingle. | |
| 508 | |a Story by Lee Batchler & Janet Scott Batchler ; director of photography, Stephen Goldblatt ; editor, Dennis Virkler ; music, Elliot Goldenthal. | ||
| 500 | |a Originally released as a motion picture in 1995. | ||
| 500 | |a "Standard version: formatted from its original version to fit your screen. Widescreen version: presented in a 'matted' widescreen format preserving the aspect ratio of its original theatrical exhibition. Enhanced for 16:9 widescreen TVs."--Container. | ||
| 521 | 8 | |a MPAA rating: PG-13. | |
| 520 | |a Batman and Robin, the caped crusaders, battle Two Face and the Ridddler. | ||
| 500 | |a Special feature: Production notes. | ||
| 500 | |a Videorecording. | ||
| 655 | 7 | |a Superhero films. |2 lcgft | |
| 600 | 0 | |a Batman |c (Fictitious character) |v Drama. | |
| 655 | 7 | |a Video recordings for the hearing impaired. |2 lcgft | |
| 655 | 7 | |a Action and adventure films. |2 lcgft | |
| 655 | 7 | |a Thrillers (Motion pictures) |2 lcgft | |
| 655 | 0 | |a Motion pictures, American. | |
| 655 | 7 | |a Feature films. |2 lcgft | |
| 700 | 1 | |a Schumacher, Joel, |d 1939-2020. | |
| 700 | 1 | |a Burton, Tim, |d 1958- | |
| 700 | 1 | |a Macgregor-Scott, Peter. | |
| 700 | 1 | |a Batchler, Lee. | |
| 700 | 1 | |a Batchler, Janet Scott. | |
| 700 | 1 | |a Goldsman, Akiva. | |
| 700 | 1 | |a Kilmer, Val, |d 1959- | |
| 700 | 1 | |a Jones, Tommy Lee, |d 1946- | |
| 700 | 1 | |a Carrey, Jim, |d 1962- | |
| 700 | 1 | |a Kidman, Nicole, |d 1967- | |
| 700 | 1 | |a O'Donnell, Chris. | |
| 700 | 1 | |a Gough, Michael, |d 1916-2011. | |
| 700 | 1 | |a Hingle, Pat. | |
| 710 | 2 | |a Warner Bros. Pictures (1969- ) | |
| 710 | 2 | |a Warner Home Video (Firm) | |
| 948 | |a cataloged |b h |c 2000/8/24 |d c |e dmitchel |f 2:20:20 pm | ||
| 994 | |a E0 |b TXA | ||
| 999 | |a MARS | ||
| 999 | f | f | |s 45214650-e342-3a90-910c-78491f1f89cb |i 849904b0-4518-372f-96c9-b46d8f54d90b |t 0 |
| 952 | f | f | |p dvd |a Texas A&M University |b College Station |c Sterling C. Evans Library |s Evans Media and Reserves |d Evans: Media and Reserves (Annex 1st floor) |t 0 |e PN1995.9.B34 B4414 1997 |h Library of Congress classification |i video -- videodisc |m A14826536246 |
| 998 | f | f | |a PN1995.9.B34 B4414 1997 |t 0 |l Evans: Media and Reserves (Annex 1st floor) |